000 00798nam a22002537a 4500
999 _c165722
_d165722
005 20190627165905.0
008 190627b ||||| |||| 00| 0 eng d
010 _aB-127927
020 _a81722235682
_c500.00
035 _aB-127927
037 _bBPPD/Purchase
040 _adpl
_ben
050 _a791.43092
082 _a791.43092
100 _aReuben, Bunny
245 _aDilip Kumar star legend of Indian cinema:
_bthe definitive biography/
_cBunny Reuben
250 _a2nd imp.
260 _aNew Delhi
_bHarperCollins Publishers
_c2005
270 _a1A Hamilton House, Connaught Place
_bNew Delhi
_e110001
300 _a500p
_c24cm(hb)
500 _aIndex includes
942 _2ddc
_cEN
_h791.43092
_mDIP